|
|
|
|
| LEADER |
00000nam0a2200000 4500 |
| 001 |
23502 |
| 005 |
20231030195702.0 |
| 010 |
|
|
|a 5060027376
|
| 035 |
|
|
|a (RuTPU)RU\TPU\book\23722
|
| 035 |
|
|
|a BOOK00023795
|
| 090 |
|
|
|a 23502
|
| 100 |
|
|
|a 20011209d1993 m y0rusy50 ca
|
| 101 |
0 |
|
|a ger
|a rus
|
| 102 |
|
|
|a RU
|
| 105 |
|
|
|a a j 000zy
|
| 200 |
1 |
|
|a Немецкий язык
|e Интенсивный курс
|f Т. Н. Смирнова
|
| 205 |
|
|
|a 2-е изд., испр. и перераб.
|
| 210 |
|
|
|a Москва
|c Высшая школа
|d 1993
|
| 215 |
|
|
|a 318 с.
|c ил.
|
| 451 |
|
1 |
|0 (RuTPU)RU\TPU\book\23721
|y 5-06-002461-X
|t Немецкий язык
|o Интенсивный курс
|f Т. Н. Смирнова
|e 2-е изд., испр. и перераб.
|c М.
|n Высшая школа
|d 1994
|p 234 с.
|a Смирнова, Татьяна Николаевна
|
| 610 |
1 |
|
|a немецкий язык
|
| 610 |
1 |
|
|a интенсивный курс
|
| 610 |
1 |
|
|a чтение
|
| 610 |
1 |
|
|a устная речь
|
| 610 |
1 |
|
|a учебные пособия
|
| 610 |
1 |
|
|a синтаксис
|
| 610 |
1 |
|
|a продвинутый этап
|
| 686 |
|
|
|a Ш143.24-923
|v LBC/SL-A
|2 rubbk
|
| 700 |
|
1 |
|a Смирнова
|b Т. Н.
|g Татьяна Николаевна
|
| 801 |
|
0 |
|a RU
|b 63413507
|c 20011209
|g PSBO
|
| 801 |
|
2 |
|a RU
|b 63413507
|c 20081023
|g PSBO
|
| 942 |
|
|
|c BK
|